000 00704nab a22002297a 4500
001 08648
003 HDC
007 cr bn ---aaaaa
008 210128c20151123my ||||| |||| 00| 0 eng d
040 _aHDC
245 0 _aLulu to invest RM1.3b in hypermarts
336 _atext
_2rdacontent
337 _acomputer
_2rdamedia
338 _aonline resource
_2rdacarrier
650 _aBusiness names
_9418
650 _aInvestments
_91553
710 _aNew Straits Times
856 _zRequest full-text at [email protected]
942 _2lcc
942 _cNEWS
942 _kNWSC 002167
999 _c5971
_d5971